[Event "Ubeda"]
[Site "Ubeda"]
[Date "1997.02.16"]
[Round "7"]
[White "Akopian, Vladimir Eduardovic"]
[Black "Leko, Peter"]
[Result "1/2-1/2"]
[WhiteElo "2655"]
[BlackElo "2600"]
[Annotator "Ribli,Z"]
[PlyCount "108"]
[EventDate "1997.02.07"]
[EventType "tourn"]
[EventRounds "11"]
[EventCountry "ESP"]
[EventCategory "16"]
[SourceTitle "CBM 058"]
[Source "ChessBase"]
[SourceDate "1997.06.01"]
[SourceVersion "1"]
[SourceVersionDate "1997.06.01"]
[SourceQuality "1"]

1. Nf3 {Hecht Endspiel-CD} Nf6 2. c4 c5 3. g3 Nc6 4. Bg2 d5 5. cxd5 Nxd5 6. Nc3
Nc7 7. d3 e5 8. Nd2 Bd7 9. O-O Be7 10. Nc4 f6 $5 (10... O-O 11. Bxc6 Bxc6 12.
Nxe5 Be8 {Schwarz hat etwas positionelle Kompensation, weil Weiss schwach auf
den weissen Feldern ist. Das ist zuwenig für den Bauern.Ribli.}) 11. f4 b5 12.
Ne3 exf4 (12... Rc8 13. a4 {ist die Modevariante.Ribli.}) 13. Nf5 $5 {Nach
diesem Zwischenzug wird die Partie taktisch, 13.gxf4 ist eher positionell.
Ribli.} (13. gxf4 Rb8 14. Ned5 Nxd5 15. Nxd5 O-O 16. Be3 Nd4 17. Rc1 $6 Be6 $1
$36 {Schwartzman,G-Hansen,L/Wijk-B/1994/}) 13... b4 $1 (13... fxg3 14. Nxg7+
Kf7 15. Nf5 gxh2+ 16. Kh1 Nd4 $5 $13 (16... Bxf5 17. Rxf5 Qd7 $13 {Weiss hat
zwei Bauern weniger, aber eine sichere Koenigsstellung und Druck auf den
weissen Feldern.Ribli.})) 14. Nxe7 (14. Nxg7+ $2 Kf7 {Und Weiss verliert eine
Figur.Ribli.}) 14... Qxe7 15. Bxf4 (15. Ne4 fxg3 16. Bf4 Ne5 17. Rc1 Ne6 18.
Bxe5 fxe5 19. e3 $13 {Nikolaidis-Lautier,J/Erevan olm/1996/}) 15... bxc3 16.
Bxc7 Rc8 (16... cxb2 17. Rb1 Rc8 {Das ist nur Zugumstellung.Ribli.}) 17. Bf4
cxb2 18. Rb1 O-O 19. Rxb2 (19. Qb3+ Kh8 20. Qxb2 Nd4 21. e3 Ne6 {[%csl Rf4]})
19... Nd4 {Beide Seiten haben Bauernschwächen. Nach dem drohendem Bc6
kontrolliert Schwarz aber die wichtigsten Felden und hat den für dies Variante
typischen Druck gegen die weißen d-und e-Bauern.Ribli.} 20. Rb7 {Gegen 20...
Bc6 eingerichtet,Weiss opfert einen Bauern fuer Aktivitaet.Ribli.} Nxe2+ 21.
Kh1 Nxf4 22. gxf4 {Auf diese Weise öffnet sich Weiss die g-Linie fuer
spaeteres Gegenspiel.Ribli.} a5 23. Ra7 Rfd8 24. Rg1 Kh8 25. Qh5 Qe8 (25... Qe6
$5) 26. Qh4 c4 27. dxc4 (27. Be4 f5) 27... Rxc4 28. Qg3 $1 (28. Rxa5 $6 Bc6 $1
$36 {[%cal Rc6g2] Und die weise Koenigsstellung ist schwach.Ribli.}) 28... Rdc8
(28... Qg6 29. Qxg6 (29. Rd1 Qc2 30. Raxd7 Qxd1+ 31. Rxd1 Rxd1+ 32. Bf1 Rxf1+
$17) 29... hxg6 30. Rd1 {Auf ersten Blick scheint es, daß Schwarz in grosser
Not ist.Ribli.} Rc2 $132 31. Raxd7 (31. Kg1 $2 Rxg2+ 32. Kxg2 Bc6+ $19) (31. h3
Rxg2 $19) (31. Bf3 $5 Rf2 32. Be4 (32. Bg2 $2 Rxg2 33. Raxd7 Rxd7 34. Rxd7 Rxa2
$17) 32... Rxf4 33. Bg2 {gewinnt eine Figur, aber mit reduziertem Material
kann Schwarz sich retten.Ribli.} Ra4 34. Raxd7 Rxd7 35. Rxd7 Rxa2 $11) (31. Bb7
$4 Bc6+ $19) (31. Rxa5 Rxg2 32. Kxg2 (32. Rxd7 Rxh2+ 33. Kxh2 Rxd7 $17) 32...
Bc6+ $19) 31... Rxd7 32. Rxd7 Rc1+ 33. Bf1 Rxf1+ 34. Kg2 Rxf4 $19) 29. Bd5 Qe7
{[#]} 30. Qxg7+ (30. Bxc4 $2 Bc6+ 31. Rg2 Qxa7 $19) 30... Qxg7 31. Rxg7 Kxg7
32. Rxd7+ Kh6 (32... Kg6 33. Bf7+ Kh6 34. Bxc4 Rxc4 {Das fuehrt zur
Partiestellung.Ribli.}) 33. Bxc4 Rxc4 {[#] Hecht Ab Zug 39 entsteht das
Turmendspiel T+h vs T+a+f, in dem Leko kurz vor der Zeitkontrolle ein
wichtiges Tempo verliert. Statt 39...Kf4 hätte der sofortige Vormarsch des
a-Bauern lt. A. Jussupow leicht gewonnen "SCHACH" Nr.4/97 Seite 33.} 34. f5 {
In diesem Endspiel hat Schwarz die besseren Aussichten, denn Koenig und Turm
sind aktiver und der weisse f5-Bauer ist schwach. Dessen ungeachtet gibt es in
Turmendspielen viele Remismoeglichkeiten.Ribli.} Ra4 35. Kg2 Kg5 $1 {Schwarz
hat viel Zeit den a2-Bauern zu nehmen.Wichtiger ist zuerst die
Königsaktiviereung.Ribli.} 36. Rxh7 Kxf5 37. Rg7 $1 {Versperrt den Weg zum
h-Bauern.Ribli.} (37. Kg3 Ra3+ $1) 37... Rxa2+ 38. Kg3 Ra3+ 39. Kg2 Kf4 $2 (
39... a4 $142 40. h4 Ra2+ 41. Kh3 (41. Kg1 a3 42. Ra7 Ra1+ 43. Kg2 a2 $19)
41... a3 42. h5 Ra1 43. Ra7 (43. h6 a2 44. Ra7 Rh1+ $19) 43... a2 44. Kg2 Kg5
45. Kh2 f5 46. Kg2 f4 47. Ra8 f3+ 48. Kf2 Rh1 $1 $19) 40. h4 {Dieser Randbauer
ist die weisse Hoffnung.in der Partie Weiss opfert seinen letzten Bauern fuer
einen schwarzen,und mit Bauernminus er kann Remis erreichen.Ribli.} Ra2+ 41.
Kg1 Ra3 42. Kg2 Ra2+ 43. Kg1 Rc2 44. h5 Rc5 45. h6 Rh5 46. h7 f5 (46... a4 47.
Ra7 $11) (46... Ke4 47. Ra7 Kd4 48. Rxa5 $11) 47. Ra7 Kg4 48. Rxa5 $11 {
Weiss hat endlich eine teoretische gleiche Turmendspiel erreicht.Leko macht
noch ein paar Zuege,aber mit einfachen Mittel Weiss kann leicht sich retten.
Ribli.} Rxh7 49. Kg2 Rd7 50. Ra4+ f4 51. Ra3 $1 {Das ist der einfachste Weg,
mit dem Turm die 3.Reihe zu halten.Ribli.} Rd2+ 52. Kf1 Rh2 53. Rb3 Rh3 54.
Rxh3 Kxh3 {Und in dieser offenbaren Remisstellung wurde remis gegeben.Ribli.} (
54... Kxh3 {Endspiel-CD} 55. Kf2 Kg4 56. Kg2 $11) 1/2-1/2

[Event "RUS-ch 56th"]
[Site "Krasnoyarsk"]
[Date "2003.09.08"]
[Round "5"]
[White "Popov, Valerij"]
[Black "Khalifman, Alexander"]
[Result "0-1"]
[WhiteElo "2573"]
[BlackElo "2678"]
[Annotator "Ribli,Z"]
[PlyCount "68"]
[EventDate "2003.09.03"]
[EventType "swiss"]
[EventRounds "9"]
[EventCountry "RUS"]
[SourceTitle "CBM 098"]
[Source "ChessBase"]
[SourceDate "2004.02.03"]
[SourceVersion "1"]
[SourceVersionDate "2004.02.03"]
[SourceQuality "1"]

1. Nf3 Nf6 2. c4 c5 3. Nc3 d5 {Schwarz möchte die Stellung öffnen - die
Textfortsetzung führt zu eienm asymetrischem Spiel.} 4. cxd5 Nxd5 5. g3 Nc6 6.
Bg2 Nc7 {Mit diesem Zug bereitet Schwarz den Zug 7...e5 vor, was jetzt ein
großer Fehler wäre - 6...e5? verliert einen Bauern nach 7.Nxe5.} 7. a3 {
Dieser Zug ist ein seltener Gast in der Großmeisterpraxis und - meiner meinung
nach - bietet er Weiß keinen Vorteil. Die traditionelle Fortsetzung 7.0-0 und
der Plan 8.d3, 9.Nd2, 10.Nc4 bietet Weiß Hoffnungen für einen
Eröffnungsvorteil.} g6 {Im Falle von 7.a3 ist das die beste Möglichkeit für
Schwarz.} (7... e5 $6 8. b4 cxb4 (8... f6 9. bxc5 Bxc5 10. O-O O-O 11. Bb2 $14)
9. axb4 Bxb4 10. Nxe5 $36) 8. h4 {Dieser ambitiöser Zug führt zu interessantem
Spiel, aber - ich glaube - es wäre besser für Weiß die ruhige Alternative mit
8.d3 und 9.0-0 zu wählen. Wenn - in folgendem - Weiß nichts konkretes hat,
schwächt der Textzug nur die weiße Königsstellung.} (8. b4 Bg7 9. bxc5 Ne6 $11
{[%cal Ge6c5]}) (8. d3 Bg7 9. O-O O-O 10. Bd2 $11) 8... h6 {Ein nützlicher
Verteidigungszug, wonach Schwarz nach 9.h5 9...g5 spielen kann. Ohne diesen
Zug bekommt Weiß freie Hand am Königsflügel.} (8... Bg7 9. h5 $5 O-O 10. d3 Ne6
(10... Nd4 11. hxg6 hxg6 12. Ne4 Nce6 13. Nxd4 Nxd4 14. e3 Ne6 15. Qb3 Rb8 16.
Bd2 b6 17. O-O-O Qc7 18. Rh4 Ba6 19. Rdh1 c4 20. dxc4 Bxc4 21. Bc3 Nd4 22. Qd1
Bb3 23. Qxd4 e5 24. Qd6 {1-0 Sorokin,M-Maly,A/St Petersburg RUS 2003/(24)}) 11.
hxg6 hxg6 12. Be3 Ncd4 13. Rc1 Bd7 14. Ng5 Rc8 15. Kf1 Bc6 16. Nxe6 Nxe6 17.
Bxc6 Rxc6 18. Kg2 Qd7 (18... Nd4 $5) 19. Bh6 $1 {1-0 Salov,V-Kortschnoj,V/Lyon
1991/CBM 26/[Ribli] (36)}) 9. d3 (9. b4 $6 cxb4 (9... Bg7 $5 10. bxc5 Ne6) 10.
axb4 Bg7 11. Qa4 b5 (11... a6 $1 12. O-O O-O $15) 12. Nxb5 Nxb5 13. Qxb5 Bd7
14. Rb1 Rc8 $1 15. Qa4 $5 Nd4 16. Qa5 Bf5 $1 17. Qxd8+ $5 Rxd8 18. Nxd4 Bxb1
19. Nc6 Rc8 {/\ Kd7, a6} 20. O-O a6 21. Bb2 $1 $44 {1/2-1/2 Vaganian,R-Lautier,
J/Horgen 1995/CBM 50/[Lautier] (40)}) 9... Bg7 10. Be3 (10. Bd2 Bd7 11. Rb1 a5
12. O-O Ne6 13. b3 O-O 14. Nd5 Ncd4 15. Nf4 Bc6 16. Nxe6 Nxe6 17. Qc1 Kh7 18.
Re1 Rc8 {1/2-1/2 Spassov,L-Magem Badals,J/Manresa 1995/EXT 98 (25)}) 10... Ne6
(10... b6 {Der große Nachteil des Zuges ist, dass nach 11.h5 Schwarz nicht 11..
.g5 spielen kann wegen 12.Nxg5.} 11. h5 gxh5 12. Rxh5 $14 Bb7 13. Qa4 Qd7 14.
Rc1 O-O-O {[#]} 15. Bxc5 $5 (15. b4 $5) 15... Kb8 (15... bxc5 16. Ne4 $5 $40)
16. Be3 f5 17. Nh4 $16 {1-0 Alterman,B-Magem Badals,J/Pula 1997/CBM 57 ext/
[Ribli] (25)}) (10... Nd4 11. Na4 b6 12. Nxd4 cxd4 13. Bxa8 Nxa8 14. Bd2 b5 15.
Rc1 Bb7 16. Qb3 Qd5 (16... Bxh1 17. Qxb5+ Kf8 18. Ba5 $18) 17. Qxd5 Bxd5 18.
Rc8+ Kd7 19. Rxh8 Bxh8 20. Nc5+ {1-0 Pavlovic,M-Milanovic,D/Dimitrovgrad 2003/
CBM 93 ext (41)}) 11. Rc1 Bd7 {Diese Fortsetzung ist auch ein gewöhnlicher
Verteidigungszug - Schwarz entwickelt den Läufer und verteidigt vorher den
c6-Springer, so funktioniert die Variante 12.Na4 b6 13.b4 nicht.} 12. Nd2 (12.
O-O b6 13. Rb1 Ned4 14. Bd2 Rc8 15. Nh2 a5 16. e3 Nf5 17. Qe2 O-O 18. Rfd1 a4
19. Ne4 Be6 20. Bc3 Bb3 21. Rd2 e5 22. h5 g5 23. Bh3 Be6 24. Qf3 Qd7 {0-1 Beim,
V-Van Wely,L/Germany 2000/CBM 74 ext (53)}) 12... Rc8 $11 {[%csl Yd4][%cal
Ge6d4,Gc6d4] Schwarz hat eine bequem ausgeglichene Stellung und kontrolliert
sehr stark das wichtige Zentrumsfeld-d4.} 13. Nc4 (13. h5 g5 14. O-O O-O $11)
13... b6 (13... h5 $11) 14. f4 $6 {Dieser Zug scheint ziemlich agressiv für
mich. Weiß möchte am Königsflügel die Initiative bekommen, aber der Textzug
ist nur eine weitere Schwächung der Königsstellung.} (14. h5 g5 15. O-O Ned4
$11) 14... h5 $1 {[%csl Yg4] Schwarz befestigt die Bauernstruktur am
Königsflügel und kontrolliert das g4-Feld.} 15. O-O Ned4 16. Bf2 O-O 17. Ne4 (
17. e3 Bg4 $17 {[%csl Rd1][%cal Rg4d1]}) 17... Bg4 $15 {[%csl Gd4,Gg4][%mdl
2048] Schwarz hat Raumvorteil und aktives Figurenspiel.} 18. Re1 Nf5 19. Rb1 (
19. Qd2 Qd7 $15 {[%cal Gf8d8]} (19... Bd4 20. e3 Bg7 $15)) 19... Bd4 $1 20. Qd2
(20. Bxd4 Qxd4+ (20... cxd4 $15 {[%csl Ye3]}) 21. Kh2 b5 $17) 20... Bxf2+ 21.
Kxf2 {Weiß muss mit dem König zurücknehmen, sonst hängt der g3P.} b5 22. Ne3
Qd4 {[%csl Gd4,Re3,Rf2][%cal Rd4f2] Der e3N ist gefesselt und ich sehe nicht,
wie sich Weiß von dieser wirklich unangenehmen Fesselung befreien kann.} 23.
Rec1 e5 $1 $17 {[%mdl 64] Schwarz beschäftigt sich nicht mit dem c5-Bauern; er
öffnet die Stellung am Königsflügel.} (23... Na5 24. b4 cxb4 (24... Nb7 25.
bxc5 Nxc5 26. Nxc5 Rxc5 27. Rb4 Qd6 28. Rxc5 Qxc5 29. d4 $11) 25. Rxb4 Qb6 26.
Nc3 $132) 24. Rxc5 (24. fxe5 Nxe5 $17 {[%csl Gd4,Re3,Ge5,Rf2,Gf5,Gg4]}) 24...
exf4 25. gxf4 Nce7 $1 {[%cal Ge7d5,Gd5e3] Sehr schön gespielt! Droht
Turmtausch und Nd5 mit Figurengewinn.} 26. Rbc1 (26. b4 $2 Rxc5 27. bxc5 Nd5
$19) 26... Rxc5 27. Rxc5 a6 $1 {Die ganze weiße Stellung ist gefesselt, so
dass Schwarz nicht eilen muss. Der König und die Dame müssen den e3-Springer
verteidigen. Wegen der Drohung Nd5 muss der Turm auf c5 stehen und der e4N
muss den Turm verteidigen.} 28. a4 (28. b4 Rd8 29. Re5 Kf8 $17 (29... Nd5 30.
Rxd5 Rxd5 31. Nf6+ Qxf6 32. Nxd5 Qxh4+ $15) (29... Kg7 $17)) 28... Rb8 (28...
bxa4 29. Rc4 Qb6 30. Nc5 $132) 29. a5 (29. axb5 Rxb5 30. Rc4 (30. Rxb5 axb5 $19
{[%cal Re7d5,Rd5e3]}) 30... Qb6 {[%cal Gb6f2,Rb6b2,Rb2d2]} 31. d4 Nxe3 32. Qxe3
Nd5 33. Qa3 Rxb2 $17) 29... Kf8 {Wieder ein starker profilaktischer Zug -
Schwarz vermeidet vorher das Schachmotiv Nf6+.} 30. Bf3 Rd8 {[%cal Ge7d5,Gd5e3]
Nach diesem Zug droht der tödliche Springerzug 31...Nd5 und Weiß hat keine
Verteidigung.} 31. Re5 (31. Qc1 Nd5 32. Rxd5 Rxd5 33. Qc8+ Rd8 (33... Kg7 34.
Qc3 Bxf3 35. Qxd4+ Rxd4 36. Kxf3 (36. Nxf5+ $2 gxf5 $19) 36... Nxe3 37. Kxe3
Rb4 $19) 34. Qc5+ Qxc5 35. Nxc5 $15) 31... Nd5 $19 {Mit diesem Zug gewinnt
Schwarz die Qualität mit überlegener Stellung.} 32. Rxd5 Rxd5 33. Nc3 Rc5 34.
Be4 Nd6 {Gegen die vielseitigen Drohungen hat Weiß keine Verteidigung,
deswegen gab er in hoffnungsloser Stellung auf.} 0-1

[Event "Abu Dhabi op 13th"]
[Site "Abu Dhabi"]
[Date "2003.08.25"]
[Round "9"]
[White "Hasangatin, Ramil"]
[Black "Vakhidov, Tahir"]
[Result "0-1"]
[WhiteElo "2515"]
[BlackElo "2528"]
[Annotator "Ribli,Z"]
[PlyCount "91"]
[EventDate "2003.08.16"]
[EventType "swiss"]
[EventRounds "9"]
[EventCountry "UAE"]
[SourceTitle "CBM 097"]
[Source "ChessBase"]
[SourceDate "2003.11.11"]
[SourceVersion "1"]
[SourceVersionDate "2003.11.11"]
[SourceQuality "1"]

1. c4 Nf6 2. Nf3 c5 3. Nc3 d5 4. cxd5 Nxd5 5. g3 Nc6 6. Bg2 g6 {Die
Alternativen für Schwarz sind: 6...e6, 6...Nc7 mit der Idee 7...e5, aber nicht
6...e5?? wegen 7.Nxe5.} 7. Qa4 Nb6 (7... Bg7 8. O-O (8. Qc4 Ndb4 9. O-O Qa5 10.
Ne4 Qa6 11. Qxc5 b6 12. Qe3 O-O $44) 8... Nb6 $11 (8... O-O 9. Qc4 Nxc3 10.
dxc3 Qb6 11. Qh4 $14)) 8. Qb5 $5 $146 {Weiß greift den c5-Bauern an, aber die
gewöhnliche Fortsetzung ist 8.Qh4.} (8. Qh4 Bg7 9. d3 O-O (9... h5 10. O-O Nd4
11. Nxd4 cxd4 12. Ne4 O-O 13. Bd2 Nd5 14. Rfc1 b6 15. Ng5 Rb8 16. Nf3 e5 17.
Nxe5 Bxe5 18. Qe4 {1-0 Barlov,D-Rogulj,B/Vrnjacka Banja 1982/MCD (42)}) (9...
h6 10. O-O Be6 11. Ne4 Nd7 12. Nc3 Nd4 13. Bd2 Rb8 14. Nxd4 cxd4 15. Nd5 Ne5
16. f4 g5 17. fxg5 Bxd5 18. Bxd5 Qxd5 19. gxh6 Bf6 {1/2-1/2 Lechtynsky,
J-Hudecek,J/Pardubice 1998/EXT 2000 (50)}) 10. Bh6 e5 11. Qxd8 Rxd8 12. Bxg7
Kxg7 13. Rc1 c4 14. dxc4 {1/2-1/2 Christensen,T-Brynell,S/Tjalfe 1995/EXT 99 
(14)}) 8... Nd7 (8... c4 9. Ne5 $16) 9. Qc4 (9. e3 Bg7 10. O-O O-O 11. Rd1 Qb6
$11) (9. d3 Bg7 (9... a6 10. Qc4 b5 11. Qf4 Bb7 (11... Bg7 12. Ng5 $18) 12. Ng5
Nf6 13. Nce4) 10. O-O Nd4 11. Nxd4 cxd4 12. Ne4 $11) 9... Bg7 10. d3 O-O 11.
O-O Nd4 {[%csl Gd4] Der d7N steht nicht gut, aber Schwarz kontrolliert das
wichtige Zentrumsfeld-d4.} (11... b6 12. Qh4 Bb7 13. Bh6 $14) 12. Nxd4 (12. Be3
Nxf3+ 13. Bxf3 Ne5 14. Qf4 (14. Qxc5 Nxf3+ 15. exf3 b6 $15) 14... Nxf3+ 15.
Qxf3 Qc7 $11) 12... cxd4 13. Nb5 $14 {Die Bauernstellung ist symmetrisch, aber
wegen des aktiven Bg2 hat Weiß einige Initiative am Damenflügel.} (13. Ne4 $11)
(13. Nd5 Nb6 14. Nxb6 Qxb6 $11) 13... a6 (13... Nb6 14. Qc5 Bg4 $13) 14. Nc7 (
14. Nxd4 $4 Nb6 $19) 14... b5 (14... Ra7 {[%cal Gb7b5]} 15. Nd5 e6 16. Nb4 b5
$11) 15. Qb4 Ra7 16. Nd5 Nb6 (16... Re8 17. Bg5 Nb6 18. Qc5 Rb7 19. Rfc1 Nxd5
20. Bxd5 Rd7 21. Bc6 Rc7 22. Bd2 Rf8 23. Qa3 $36 (23. Ba5 $2 Rxc6 $19)) 17. Qc5
(17. Nxb6 Qxb6 $11) 17... Rb7 18. Bf4 (18. Nb4 $5 Rc7 19. Qxb6 Rxc1 20. Qxd8
Rxf1+ 21. Kxf1 Rxd8 22. a4 bxa4 23. Rxa4 $14) 18... e5 $1 $11 {[%mdl 256]
Schwarz opfert zeitweilig einen Bauern und befreit sich so vom weißen
positionellen Druck.} 19. Bxe5 Bxe5 20. Nxb6 Rxb6 21. Qxe5 Re6 (21... Re8 22.
Qd5 Qxd5 (22... Rd6 23. Qf3 Rf6 24. Qa8 Qe7 $11) 23. Bxd5 Rxe2 $11) 22. Qf4
Rxe2 {[%csl Rd3] Die Stellung ist jetzt - bei symmetrischer Bauernstellung -
nahezu gleich, wobei Schwarz aufgrund der Schwäche des Pd3 die Initiative
besitzt.} 23. b4 Bf5 24. Qf3 (24. Bf3 Rc2 25. Rfd1 Re8 $15) 24... Rc2 (24...
Rfe8 $15) 25. g4 $6 {Weiß verjagt den Bf5, aber der Textzug schwächt den
weißen Königsflügel.} Be6 $15 {[%cal Ge6a2,Ge6g4]} 26. Rfe1 (26. a4 Qg5 $15)
26... Qg5 (26... Bxa2 27. Qf4 $11 {[%cal Ge1e4,Ge4d4]}) (26... Rxa2 27. Rxa2
Bxa2 28. Qf4 $1 $11 (28. Ra1 Be6 29. Rxa6 Qe7 $17 {[%csl Rb4]})) 27. a4 (27. h3
Rxa2 (27... Rfc8 $15) 28. Qe4 Rxa1 29. Rxa1 Rd8 30. Rxa6 Bd5 $15) 27... bxa4 (
27... Bxg4 28. Qg3 $132 {[%cal Gg3g5]}) 28. Rxa4 Bxg4 29. Qg3 Qd2 $17 {[%csl
Gc2,Gd2]} 30. Raa1 Bf5 (30... Be2 31. Bf1 Bxf1 32. Rxf1 Re8 33. Rxa6 Rc3 $17)
31. Red1 (31. Be4 Bxe4 32. Rxe4 Qxb4 33. Rxa6 (33. Qf4 $17) 33... Qb1+ 34. Kg2
Rc1 $19) 31... Qxb4 32. Rxa6 Rd2 33. Rxd2 Qxd2 {[%csl Rd3] Nach
Vereinfachungen hat Schwarz einen Bauern mehr und der d3P ist auch schwach.}
34. Bf1 Re8 {[%cal Ge8e1,Ge1g1]} 35. Rf6 Be6 (35... Qa5 $5) 36. Rf4 Rd8 37. h4
Qc1 38. h5 $2 {[%mdl 8192]} (38. Re4 $17) 38... Bh3 $1 $19 {[%cal Rc1f1,Rc1f4]
Mit diesem Läferzug gewinnt Schwarz Material und die Partie.} 39. h6 (39. Qxh3
Qxf4 $19) 39... Qxf1+ 40. Kh2 Be6 41. Rxd4 Rc8 (41... Rxd4 $4 42. Qb8+ $18) 42.
Qh4 f6 (42... f5 43. Rd8+ Rxd8 44. Qxd8+ Kf7 $19) 43. Rc4 (43. Qxf6 Qh3+ $19)
43... Rxc4 (43... Bxc4 $2 44. Qxf6 Rc7 45. Qd8+ Kf7 46. Qxc7+ $16) 44. dxc4 g5
45. Qg3 Qe1 46. Qb8+ 0-1